[Event "GRE-ch U12"]
[Site "Rio Achaia"]
[Date "2018.07.06"]
[Round "6"]
[White "Vlachos, Georgios"]
[Black "Zeitounian, Panagiotis"]
[Result "1-0"]
[WhiteElo "1334"]
[BlackElo "1196"]
[PlyCount "65"]
[EventDate "2018.07.03"]
[EventType "swiss"]
[EventRounds "9"]
[EventCountry "GRE"]
[SourceTitle "EXT 2019"]
[Source "ChessBase"]
[SourceDate "2018.10.10"]
[SourceVersion "1"]
[SourceVersionDate "2018.10.10"]
[SourceQuality "1"]

1. e4 e5 2. d4 exd4 3. Qxd4 Nc6 4. Qe3 Nf6 5. Nc3 Bb4 6. Bd2 0-0 7. 0-0-0 Re8 8. Qg3 Rxe4 9. a3 Rg4 10. Qh3 Be7 11. Be2 Rg6 12. f3 d5 13. g4 Be6 14. Bd3 d4 15. Bxg6 hxg6 16. Be3 Bc5 17. Nge2 Bc4 18. Qg2 Bxe2 19. Nxe2 Qe8 20. Bf4 Nd5 21. Rd3 Nxf4 22. Nxf4 Ne5 23. Rb3 Bb6 24. Nd5 f6 25. h4 Kf7 26. h5 gxh5 27. gxh5 Qh8 28. f4 Qh6 29. Kb1 Nc4 30. Nxb6 axb6 31. Qd5+ Kf8 32. Qxc4 Qxf4 33. Rbh3 1-0

[Event "GRE-ch U12"]
[Site "Achaia"]
[Date "2017.07.02"]
[Round "9"]
[White "Zeitounian, Panagiotis"]
[Black "Papaioannou, Charalampos"]
[Result "1-0"]
[WhiteElo "1027"]
[BlackElo "1221"]
[PlyCount "81"]
[EventDate "2017.06.26"]
[EventType "swiss"]
[EventRounds "9"]
[EventCountry "GRE"]
[SourceTitle "EXT 2018"]
[Source "ChessBase"]
[SourceDate "2017.10.13"]
[SourceVersion "1"]
[SourceVersionDate "2017.10.13"]
[SourceQuality "1"]

1. e4 e5 2. Nf3 Nc6 3. Bc4 Bc5 4. d3 d6 5. h3 Nf6 6. Nc3 h6 7. a3 a6 8. Ne2 Be6 9. Ng3 0-0 10. 0-0 Qd7 11. Be3 Bxe3 12. fxe3 Bxc4 13. dxc4 Rfd8 14. Qe2 Ne7 15. Rad1 Qc6 16. Qd3 Ng6 17. Nd2 Nf8 18. Nf5 Re8 19. Nxh6+ Kh7 20. Nf5 Ne6 21. b4 b6 22. Qe2 Nxe4 23. Qf3 N6g5 24. Qh5+ Kg8 25. Nxe4 Nxe4 26. Qf3 Qxc4 27. Qg4 g6 28. Nh6+ Kh8 29. Nxf7+ Kg7 30. Qh4 Rh8 31. Nxh8 Rxh8 32. Qe7+ Kh6 33. Rf7 Nc3 34. g4 Qxf7 35. Qxf7 Nxd1 36. h4 Rh7 37. g5+ Kh5 38. Qxh7+ Kg4 39. Qxg6 Kxh4 40. Qh6+ Kg4 41. g6 1-0

[Event "GRE-ch U12"]
[Site "Achaia"]
[Date "2017.06.29"]
[Round "6"]
[White "Zeitounian, Panagiotis"]
[Black "Pechlivanidis, Michail"]
[Result "1-0"]
[WhiteElo "1027"]
[BlackElo "1119"]
[PlyCount "37"]
[EventDate "2017.06.26"]
[EventType "swiss"]
[EventRounds "9"]
[EventCountry "GRE"]
[SourceTitle "EXT 2018"]
[Source "ChessBase"]
[SourceDate "2017.10.13"]
[SourceVersion "1"]
[SourceVersionDate "2017.10.13"]
[SourceQuality "1"]

1. e4 c5 2. Nc3 e6 3. g3 d5 4. exd5 exd5 5. Bg2 Nf6 6. d4 cxd4 7. Qxd4 Nc6 8. Qd1 Be6 9. Nge2 Bb4 10. 0-0 0-0 11. Bg5 Be7 12. Bxf6 Bxf6 13. Nxd5 Bxd5 14. Qxd5 Bxb2 15. Rab1 Re8 16. Rxb2 Rxe2 17. Rxb7 Ne5 18. Rd1 Qf6 19. Rxf7 1-0

[Event "GRE-ch U12"]
[Site "Achaia"]
[Date "2017.06.27"]
[Round "3"]
[White "Nasos, Valerios"]
[Black "Zeitounian, Panagiotis"]
[Result "1-0"]
[WhiteElo "1433"]
[BlackElo "1027"]
[PlyCount "81"]
[EventDate "2017.06.26"]
[EventType "swiss"]
[EventRounds "9"]
[EventCountry "GRE"]
[SourceTitle "EXT 2018"]
[Source "ChessBase"]
[SourceDate "2017.10.13"]
[SourceVersion "1"]
[SourceVersionDate "2017.10.13"]
[SourceQuality "1"]

1. e4 e5 2. Nf3 Nc6 3. Bb5 a6 4. Ba4 b5 5. Bb3 Bc5 6. d3 h6 7. c3 Nf6 8. 0-0 0-0 9. h3 d5 10. Qe2 Re8 11. Nbd2 Be6 12. Bc2 d4 13. Rd1 b4 14. cxb4 Nxb4 15. Bb1 a5 16. Nxe5 Nd7 17. Nxd7 Qxd7 18. Kh2 Bd6+ 19. e5 Bd5 20. Qf1 Rxe5 21. f4 Rf5 22. Ne4 Re8 23. g4 Bxe4 24. dxe4 Rb5 25. a3 c5 26. axb4 axb4 27. Bc2 b3 28. Bd3 Rb6 29. e5 Bb8 30. Qf3 Rd8 31. Qe4 g6 32. Rg1 Re8 33. Bc4 Kg7 34. Qf3 Rb4 35. Qd3 Kg8 36. Qxg6+ Kf8 37. Qxh6+ Ke7 38. Qf6+ Kf8 39. Bd3 c4 40. Be4 c3 41. Bc6 1-0